European countries in Estonian - Statistics

General Stats
  • This quiz has been taken 367 times
    344 since last reset
  • The average score is 29 of 46
Answer Stats
Hint Answer % Correct
Soome
84%
Eesti
82%
Rootsi
80%
Saksamaa
75%
Venemaa
74%
Läti
73%
Portugal
73%
Prantsusmaa
73%
Poola
72%
Leedu
71%
Norra
71%
Ukraina
71%
Hispaania
70%
Itaalia
70%
Taani
70%
Belgia
68%
Andorra
65%
Sloveenia
65%
Albaania
64%
Austria
64%
Iirimaa
64%
Serbia
64%
Bosnia ja Hertsegoviina
62%
Holland
62%
Kreeka
62%
Valgevene
62%
Island
60%
San Marino
60%
Šveits
60%
Bulgaaria
58%
Slovakkia
58%
Monaco
57%
Tšehhi
57%
Vatikan
57%
Moldova
56%
Ungari
56%
Horvaatia
55%
Luksemburg
55%
Malta
55%
Montenegro
52%
Rumeenia
50%
Suurbritannia
49%
Makedoonia
48%
Liechtenstein
46%
Türgi
45%
Küpros
42%
No matching quizzes found
Score Distribution
Percent of People with Each Score
Percentile by Number Answered
Your Score History
You have not taken this quiz since the last reset